Ekonomika stran Nagriba

Enregistré dans:
Détails bibliographiques
Auteur principal: Vidjasova, Marija Fedorovna
Format: Livre
Langue:russe
Publié: Moskva Nauka 1982
Tags: Ajouter un tag
Pas de tags, Soyez le premier à ajouter un tag!

MARC

LEADER 00000nam a2200000 4500
001 c106974
005 20041019155138.8
041 0 |a rus 
044 |a RU 
245 1 0 |a Ekonomika stran Nagriba  |c Marija Fedorovna Vidjasova 
264 1 |a Moskva  |b Nauka  |c 1982 
300 |a 190 s. 
100 1 |a Vidjasova, Marija Fedorovna